KE KASUISTICE MIMODĚLOŽNÍCH FIBROMYOMŮ

Podrobná bibliografia
Hlavný autor: Maršálek, Jan, 1898-1974 (Autor)
Médium: Článok
Jazyk:čeština
Predmet:

MARC

LEADER 00000nab a2200000ua 4500
001 vtls010778507
003 SK-MaSNL
005 20260303123424.0
008 230214s1929 xo |||||||||||||||||cze|
035 |a (urnnbn)urn:nbn:sk:snk:ar-a035dc 
035 |a (uuid)1861be41-63d5-4cf5-9266-f7462484b36b 
035 |a urn:nbn:sk:snk-ab53cq 
040 |a SNKBUCL  |b slo  |c SNKBUCL  |e AACR2 
041 0 |a cze 
044 |a xo  |c SK 
100 1 |a Maršálek, Jan,  |d 1898-1974  |4 aut  |9 740741 
245 1 0 |a KE KASUISTICE MIMODĚLOŽNÍCH FIBROMYOMŮ  |c Jan Maršálek 
650 0 7 |a gynekológia  |2 SNK  |9 2474 
650 0 7 |a mimometernicové fibrómy  |2 SNK  |9 1139194 
773 0 |t Bratislavské lekárske listy  |g Roč. 9, č. 1 (1929), s. 36-41 
954 |a odborná, vedecká literatúra cudzojazyčná (svetová)  |2 lita 
958 |a OND 
958 |a EUIPO 
958 |a article3 
999 |c 1925817  |d 1927747